Sports Quiz

Random Sports or Soccer Quiz

Coaches with 50+ Champions League Appearances Quiz Stats

 Plays Quiz Updated Jun 1, 2018

Also try: Top 100 UEFA Clubs
Challenge
Share
Tweet
Embed
Score 0/22 Timer 06:00
11 Plays Today
Apps. Coach % Correct
190Alex Ferguson
98.4%
178Arsène Wenger
97.2%
135José Mourinho
96.2%
103Pep Guardiola
89.6%
154Carlo Ancelotti
89.1%
95Rafael Benítez
84.1%
95Louis van Gaal
79%
50Jürgen Klopp
70.9%
61Roberto Mancini
70.2%
66Manuel Pellegrini
64.6%
78Fabio Capello
52.7%
Apps. Coach % Correct
76Massimiliano Allegri
45.8%
60Vicente del Bosque
45.7%
76Marcello Lippi
42.6%
95Ottmar Hitzfeld
32.3%
50Ronald Koeman
28%
51Luciano Spalletti
21.4%
103Mircea Lucescu
19.3%
52Héctor Cúper
17.6%
53Diego Simeone
16.2%
58Javier Iruretagoyena Amiano
6.9%
56Oleg Romantsev
2.3%

You're not logged in!

Compare scores with friends on all Sporcle quizzes.
Join for Free
OR
Log In

You Might Also Like...

Show Comments

Extras

Top Quizzes Today


Score Distribution

Your Account Isn't Verified!

In order to create a playlist on Sporcle, you need to verify the email address you used during registration. Go to your Sporcle Settings to finish the process.

Report this User

Report this user for behavior that violates our Community Guidelines.

Details: